000 00385 a2200121 4500
001 ART_42732
005 20260410161737.0
008 260409a
245 1 0 _aEl abismo fiscal
100 1 _aBotana, Natalio
700 1 _aMachinea, José Luis
773 0 _tEjecutivos de finanzas
_gOfertas públicas iniciales en la Argentina - Año 12, Nº 129 (sep. 1996)
_wREV2863
999 _c18382
_d18382